PRACTICAL handbook of microbiology

Պահպանված է:
Մատենագիտական մանրամասներ
Ձևաչափ: Գիրք
Լեզու:անգլերեն
Հրապարակվել է: CRC Press 2021
Ցուցիչներ: Ավելացրեք ցուցիչ
Չկան պիտակներ, Եղեք առաջինը, ով նշում է այս գրառումը!

MARC

LEADER 00000nam a22000007a 4500
008 240528b |||||||| |||| 00| 0 eng d
020 |a 9780367567644 
245 |a PRACTICAL handbook of microbiology  |c  / edited by Emanuel Goldman, Lorrence H. Green  |g xviii,957p;ill 
250 |b 4th  |c Green Lorrence H 
250 |c Goldman, Emmanuel 
260 |b  CRC Press  |c 2021  |h New York  |i 702536  |l QR72.5.P88 
500 |a Includes bibliographical references and index 
942 |a lcc  |c BK  |e JOHNSON  |f 28/05/24 
952 |0 0  |1 0  |2 lcc  |4 0  |6 QR00725 P88  |7 0  |9 5191  |a RF  |b HOL  |c QZ  |d 2024-05-28  |l 0  |o QR72.5.P88  |p 2024-0437  |r 2024-05-28 00:00:00  |t 702536  |w 2024-05-28  |y BK 
999 |c 2578  |d 2578